000 00783nam a2200253Ia 4500
003 OSt
005 20220928124322.0
006 a|||||r|||| 00| 0
007 ta
008 220927b |||||||| |||| 00| 0 eng d
020 _c6688
024 _a127442
037 _b107, 10/11/2015, Excel Book International
_cTextual
040 _aSDCL
_cSDCL
_beng
041 _2eng
_aeng
082 _aX:89Q1, Q5
100 _aSamonas Michael
_9464348
245 0 _aFinancial forecasting, analysis and modelling
_b A framework for long-term forecasting
260 _aUK
_bWiley
_c2015
300 _axv;215p.
_ccm.
650 _aFinancial Studies
942 _hX:89Q1, Q5
_cTEXL
_2CC
999 _c777262
_d777262